000 00742cam a22002535a 4500
001 011324066
005 20180410113609.0
008 850211r19841979enkabc gre 001 0 eng d
015 _aGB8506629
_2bnb
020 _a0356070271
020 _a9780356070278
040 _aUk
_beng
_cUk
_dEG-ScBUE
082 0 4 _a032
_bENC
_222
245 0 0 _aEncyclopaedia of knowledge.
250 _aReprinted ed.
260 _aLondon :
_bMacdonald Educational,
_c1984.
300 _a253 p. :
_bill. (some col.), col. maps,ports. (some col.) ;
_c31cm.
500 _aIncludes index.
541 _aAmbassador Ali Al-Hafni ;
650 7 _aknowledge
_vEncyclopedias.
_2BUEsh
651 _2BUEsh
653 _bGGEN
_cApril2018
942 _2ddc
999 _c26480
_d26452